Online Catalogue and eLibrary

A short Biography of Dr. N. M. Perera (Record no. 5731)

MARC details
000 -LEADER
fixed length control field 00405nam a2200157Ia 4500
005 - DATE AND TIME OF LATEST TRANSACTION
control field 20250123013042.0
008 - FIXED-LENGTH DATA ELEMENTS--GENERAL INFORMATION
fixed length control field 240331s9999 xx 000 0 und d
020 ## - INTERNATIONAL STANDARD BOOK NUMBER
ISBN
082 ## - DDC Classification
DDC Edition Number PER
Class No. 920
100 ## - MAIN ENTRY--PERSONAL NAME
Personal name Desilva, E.P
245 #2 - TITLE STATEMENT
Title A short Biography of Dr. N. M. Perera
260 ## - PUBLICATION, DISTRIBUTION, ETC.
Place of publication, distribution, etc. Colombo
Name of publisher, distributor, etc. E.P. de Silva
Date of publication, distribution, etc. 1975
300 ## - PHYSICAL DESCRIPTION
Extent (e.g. Volumes, Pages etc.) 131 p .,
500 ## - GENERAL NOTE
General note A Short Biography of Dr. N. M. Perera
942 ## - Koha item type (Biblio)
Koha item type Books in Stacks (Lending)
Holdings
Lost status Damaged status Collection code Home library Current library Shelving location Date acquired Accession Number Item type
    Lending WERC Library WERC Library Social Science Cupboard 03/31/2024 6719 Books in Stacks (Lending)

© WERC Library